000
003010000a22001450004500
003
MACL
040
_a
MACL
090
_c
3274
_d
3274
100
_a
Kumar, Dharma
245
_a
land And Caste In South India
260
_b
Manohar
_c
1992
350
_a
250
650
_a
Social Science
942
_c
BOOK
_k
300
999
_c
3252
_d
3252